000 00433nam a2200205Ia 4500
001 11925
003 GE_BSU
008 181216s||||||||xx |||||||||||||| ||und||
020 _a0670915378
040 _cGE_BSU
080 _a821.111-32
100 _aMason,Richard
245 _aUs
260 _aLondon
260 _bViking on imprint of Penguin Books.
260 _c2004.
300 _a336p;23cm.
653 _aUs
942 _cBK
999 _c45102
_d45102